|
|
|
|
| LEADER |
01483nam a2200289 a 4500 |
| 001 |
14478633 |
| 003 |
BD-DhAAL |
| 008 |
090720s2006 sz a b i000 0 eng d |
| 010 |
|
|
|a \\\2006436563
|
| 020 |
|
|
|a 9241563230
|
| 020 |
|
|
|a 9789241563239
|
| 040 |
|
|
|a SDB
|c SDB
|d DLC
|d BD-DhAAL
|
| 082 |
0 |
0 |
|a 362.109172/4
|2 22
|
| 110 |
2 |
|
|a World Health Organization.
|b Commission on Intellectual Property Rights, Innovation and Public Health.
|9 57999
|
| 245 |
1 |
0 |
|a Public health, innovation and intellectual property rights :
|b report of the Commission on Intellectual Property Rights, Innovation and Public Health /
|c World Health Organization.
|
| 260 |
|
|
|a Geneva :
|b World Health Organization,
|c c2006.
|
| 300 |
|
|
|a xii, 204 pages :
|b illustrations ;
|c 26 cm.
|
| 504 |
|
|
|a Includes bibliographical references.
|
| 526 |
|
|
|x Salim khan
Sr. program Associate
James P. Grant School.
Course name and no. N/A
|
| 541 |
1 |
|
|a A H Development publishing house
|e 00018492
|
| 650 |
|
0 |
|a Health services accessibility
|z Developing countries.
|9 7690
|
| 650 |
|
0 |
|a Public health
|x Research.
|
| 650 |
|
0 |
|a Intellectual property.
|
| 852 |
4 |
|
|a Ayesha Abed Library
|j Generalshelf
|
| 942 |
|
|
|2 ddc
|c BK
|
| 999 |
|
|
|c 2651
|d 2651
|
| 952 |
|
|
|0 0
|1 0
|2 ddc
|4 0
|6 362_109172400000000_PUB
|7 0
|9 2435
|a JPGSPH
|b JPGSPH
|d 2009-07-22
|e A H Development Publishing House.
|g 1890.00
|l 0
|o 362.1091724 PUB
|p 3060018492
|r 2009-07-22
|t 1
|w 2009-07-22
|y BK
|x Requisitioned by Salim khan, Sr. program Associate, James P. Grant School. Course name and no. N/A
|